| 000 | 00625nam a22001817a 4500 | ||
|---|---|---|---|
| 999 |
_c14602 _d14602 |
||
| 008 | 161004b xxu||||| |||| 00| 0 eng d | ||
| 020 | _a0132933330 | ||
| 050 | _aLC 3981 .H34 1991 | ||
| 100 | _aHallahan, Daniel P. | ||
| 245 |
_aExceptional Children: _bintroduction to special education/ _cDaniel P. Hallahan and James M. Kauffman |
||
| 250 | _a5th ed. | ||
| 260 |
_aBoston: _bAllyn and Bacon, _c1991 |
||
| 300 |
_axvi, 526p.: _bill.; |
||
| 500 | _aIncludes references and index. | ||
| 650 |
_aSpecial Education _xUnited States |
||
| 650 | _aSpecial needs. | ||
| 700 | _aKauffman, James M. | ||
| 942 |
_2lcc _cBOOKS _hLC 3981 .H34 1991 _02 |
||